00785 a2200193 4500999001500000010001400015020002600029035001300055037001500068082001700083100001600100245007300116250001200189260004200201270016600243300002800409942003600437952011800473 c4397d4397 aENG-86258 a9788175346246c550.00 aEN-69791 bDBAD / PUB a344.54010264 aKumar, H.L. aDigest of labour cases 1990-2007 :bcase law finder /cby H.L. Kumar a5th ed. aDelhibUniversal Law Publishingc2007 aC-FF-1A, Dilkhush Industrial Estate, (Opp. Hans Cinema, Azadpur), G.T. Karnal Road,bDelhicNew Delhie110 033k011-27438103l011-27458529msales@unilawbooks.com alxxx, 602p.c23cm. (Hb) adplcEN2ddch344.54010264mKUM 001040718NFICaDBADbDBADeDBAD/PUBg550.00l0o344.54010264 KUMpEN-69791r2008-09-15 00:00:00t1v550.00yEN